| 000 | 01184nam a2200313 a 4500 | ||
|---|---|---|---|
| 001 | 000109149 | ||
| 003 | CHAP | ||
| 005 | 20220329144039.0 | ||
| 008 | 140407s2013 mx sm |||||||spa d | ||
| 010 | _a105611 | ||
| 011 | _a106583 | ||
| 040 | _cCHAP | ||
| 090 | _aTesis | ||
| 100 | 1 |
_aLópez Flores, Arlen Guadalupe _9126293 |
|
| 245 | 1 | 0 |
_aEvaluación de efectividad biológica en inhibidores de crecimiento para el control de muérdago enano (Arceuthobium globosum y A. vaginatum) _h[En línea] _cpor Arlen Guadalupe López Flores. |
| 260 |
_aChapingo, Méx. : _bEl autor, _c2013. |
||
| 500 | _aPara ver el contenido del material haga clic en la liga | ||
| 502 | _aTesis (Ing. Agr. Esp. en Forestales) -- UACH. División de Ciencias Forestales | ||
| 590 |
_aBATCH-UPD _b05 _c20141002 _lUCH01 _h0859 |
||
| 590 |
_aE5765TAJ _b05 _c20140407 _lUCH01 _h1148 |
||
| 590 |
_aE5765TAJ _b05 _c20140407 _lUCH01 _h1148 |
||
| 650 | 1 | 4 |
_aCrecimiento. _928871 |
| 650 | 1 | 4 |
_aHerbicidas _xToxicidad. _953700 |
| 650 | 1 | 4 |
_aMuérdago _xHerbicidas efecto en. _9126295 |
| 856 |
_aFinding aid _uhttp://10.13.5.2/tesis/sist109149.pdf _zTeclea aquí |
||
| 901 | _aBK | ||
| 942 | _cTESIS | ||
| 942 | _n0 | ||
| 999 |
_c105611 _d105611 |
||